Proti riziku z nezaplatenia sa možno brániť bohatou škálou nástrojov

Členenie rizík z hľadiska inkasa a návratnosti - riziká z nezaplatenia, menovo-kurzové riziká, geopolitické a iné riziká. Riziko z nezaplatenia je v SR vysoké. Meranie stupňa rizika z nezaplatenia. Prechodné zastavenie platieb. Nástroje proti riziku z nezaplatenia: platobné nástroje, inštrumenty zme...

Ausführliche Beschreibung

Gespeichert in:
Bibliographische Detailangaben
1. Verfasser: Valach, V.
Weitere Verfasser: Kubinec, S.
Format: Buchkapitel
Sprache:Slowakisch
Schlagworte:
Tags: Tag hinzufügen
Keine Tags, Fügen Sie das erste Tag hinzu!

MARC

LEADER 00000naa a2200000 4500
001 r021677
005 20230921075245.4
041 0 |a slo 
044 |a SK 
245 1 0 |a Proti riziku z nezaplatenia sa možno brániť bohatou škálou nástrojov  |c V. Valach, S. Kubinec 
520 |a Členenie rizík z hľadiska inkasa a návratnosti - riziká z nezaplatenia, menovo-kurzové riziká, geopolitické a iné riziká. Riziko z nezaplatenia je v SR vysoké. Meranie stupňa rizika z nezaplatenia. Prechodné zastavenie platieb. Nástroje proti riziku z nezaplatenia: platobné nástroje, inštrumenty zmenkového, záručného a záložného práva, poistenie, leasing a i. Finančné krytie rizika. 
610 2 0 |a Slovensko 
610 2 0 |a riziko 
610 2 0 |a riziko kurzové 
610 2 0 |a risk management 
610 2 0 |a nástroje finančné 
610 2 0 |a nástroje ekonomické 
610 2 0 |a poistenie 
610 2 0 |a solventnosť 
100 1 |a Valach, V. 
700 1 |a Kubinec, S.